| 000 | 00456cam a2200169ua 4500 | ||
|---|---|---|---|
| 020 | _c1.80 | ||
| 041 |
_amal _h |
||
| 082 |
_a894.8121 _bNAA/KA |
||
| 100 | _aNarayana Menon, Nalappattu . | ||
| 245 |
_aKannuneer thulli / _cNalappattu Narayana Menon. _hTextual Documents |
||
| 260 |
_aCalicut : _bMathrubhumi Printing & Publishing Companty Ltd , _c1955. |
||
| 300 | _a47 ; . | ||
| 365 | _a1.80 | ||
| 504 | _a | ||
| 942 | _cBK | ||
| 999 |
_c4959 _d4959 |
||